[Event "28th WJun Girls"]
[Site "Chotowa POL"]
[Date "2010.08.03"]
[Round "1"]
[White "Muzychuk,A"]
[Black "Iwanow,A"]
[Result "1-0"]
[WhiteElo "2527"]
[BlackElo "2097"]
[EventDate "2010.08.03"]

1. e4 e5 2. Nf3 Nc6 3. Bb5 a6 4. Bxc6 dxc6 5. O-O Qd6 6. Na3 b5 7. c3 c5 8.
Nc2 Bb7 9. Re1 Ne7 10. a4 c4 11. axb5 axb5 12. Rxa8+ Bxa8 13. Na3 Ng6 14.
g3 Qa6 15. d4 cxd3 16. b4 c5 17. bxc5 Bxc5 18. Qxd3 Bc6 19. Nc2 Qa4 20. h4
f6 21. Nb4 Bxb4 22. cxb4 O-O 23. h5 Ne7 24. h6 g6 25. Qd6 Qa7 26. Qe6+ Rf7
27. Rd1 Qc7 1-0

[Event "28th WJun Girls"]
[Site "Chotowa POL"]
[Date "2010.08.03"]
[Round "1"]
[White "Edes,Z"]
[Black "Cori T.,D"]
[Result "0-1"]
[WhiteElo "2097"]
[BlackElo "2403"]
[EventDate "2010.08.03"]

1. d4 Nf6 2. c4 e6 3. Nc3 Bb4 4. Qc2 O-O 5. Bg5 h6 6. Bh4 d5 7. e3 Nbd7 8.
cxd5 exd5 9. a3 Be7 10. Nf3 c6 11. Bd3 Re8 12. O-O Ne4 13. Bg3 Nxg3 14.
hxg3 Bd6 15. b4 a6 16. Rfb1 Nf6 17. a4 Qe7 18. Qb3 Bxg3 19. Re1 Bd6 20. b5
axb5 21. axb5 Rxa1 22. Rxa1 Ne4 23. Nd1 Bg4 24. Be2 Qf6 0-1

[Event "28th WJun Girls"]
[Site "Chotowa POL"]
[Date "2010.08.03"]
[Round "1"]
[White "Girya,O"]
[Black "Mareckova,M"]
[Result "1-0"]
[WhiteElo "2376"]
[BlackElo "2095"]
[EventDate "2010.08.03"]

1. d4 Nf6 2. Nf3 g6 3. Bg5 Bg7 4. Nbd2 O-O 5. c3 d6 6. e4 c6 7. Be2 Qc7 8.
O-O Nbd7 9. Re1 e5 10. dxe5 dxe5 11. Qc2 Nc5 12. a4 Ne6 13. Bh4 Nf4 14. Bf1
h6 15. Nc4 g5 16. Bg3 Ne8 17. Ne3 Be6 18. Nf5 Rd8 19. Nd2 Nd6 20. Nxd6 Rxd6
21. Nc4 Rd7 22. Rad1 Rfd8 23. Rxd7 Qxd7 24. Ne3 Qd2 25. Rd1 1-0

[Event "28th WJun Girls"]
[Site "Chotowa POL"]
[Date "2010.08.03"]
[Round "1"]
[White "Heredia Serrano,C"]
[Black "Severiukhina,Z"]
[Result "0-1"]
[WhiteElo "2080"]
[BlackElo "2341"]
[EventDate "2010.08.03"]

1. e4 d6 2. d4 Nf6 3. Nc3 g6 4. Nf3 Bg7 5. h3 c6 6. a4 a5 7. Be2 O-O 8. O-O
Qc7 9. Be3 e5 10. d5 Na6 11. Nd2 cxd5 12. exd5 Nb4 13. Nc4 Bf5 14. Rc1 Qe7
15. Nb6 Rad8 16. Nc4 Rc8 17. Nb6 Ra8 18. Nc4 Qc7 19. Nb6 Qe7 20. Nc4 Rac8
21. Nb6 Rc7 22. Bg4 Ne4 23. Nb5 Bxg4 24. hxg4 f5 25. c3 Na2 26. Ra1 Naxc3
27. bxc3 Nxc3 28. Nxc3 Rxc3 29. Qd2 e4 30. Bg5 Qc7 31. Rab1 fxg4 32. Rfc1
g3 33. fxg3 Rxc1+ 34. Qxc1 Bd4+ 35. Be3 Qxc1+ 0-1

[Event "28th WJun Girls"]
[Site "Chotowa POL"]
[Date "2010.08.03"]
[Round "1"]
[White "Ohme,M"]
[Black "Labedz,P"]
[Result "1-0"]
[WhiteElo "2326"]
[BlackElo "2076"]
[EventDate "2010.08.03"]

1. e4 c6 2. d4 d5 3. Nc3 dxe4 4. Nxe4 Nd7 5. Ng5 Ngf6 6. Bd3 e6 7. N1f3 Bd6
8. Qe2 h6 9. Ne4 Nxe4 10. Qxe4 Qc7 11. Bd2 b6 12. O-O-O Bb7 13. Qe2 O-O-O
14. Rhe1 Bf4 15. g3 Bxd2+ 16. Rxd2 Rhe8 17. Rdd1 Rh8 18. Rd2 Rhe8 19. Ne5
Nxe5 20. dxe5 Rd5 21. f4 Red8 22. f5 exf5 23. Bxf5+ Kb8 24. Rxd5 Rxd5 25.
Bd3 Qe7 26. c3 Qg5+ 27. Kc2 Bc8 28. Qe3 Bf5 29. Bxf5 Qxf5+ 30. Kc1 Rd3 31.
Qe4 Qg5+ 32. Kb1 Qd2 33. e6 fxe6 34. Qxe6 Rd7 35. a3 Kc7 36. Qe5+ Kb7 37.
Qe8 Kc7 38. Qe5+ Kb7 39. h4 Qd3+ 40. Ka1 Qc2 41. Re2 Qb3 42. Re1 Qc2 43.
Ka2 Qd3 44. Re4 Qd1 45. Rf4 a5 46. Rf8 Rc7 47. Qe6 Rd7 48. Qg8 Qd6 49. Rf4
Qd1 50. Qe6 Kc7 51. Rg4 Qd6 52. Qg8 Qe7 53. Rf4 Kb7 54. h5 Qe5 55. Rg4 Kc7
56. Rg6 a4 57. Qc4 Qd5 58. Qxd5 cxd5 59. Kb1 Kb7 60. Kc2 Ka6 61. Kd3 Re7
62. Rd6 Re5 63. g4 Re4 64. Rg6 Re7 65. Kd4 Re2 66. Rxg7 Rxb2 67. Rg6 Ra2
68. Rxh6 Rxa3 69. Rh8 Ra1 70. h6 Rg1 71. Rg8 Rh1 72. g5 1-0

[Event "28th WJun Girls"]
[Site "Chotowa POL"]
[Date "2010.08.03"]
[Round "1"]
[White "Ziaziulkina,N"]
[Black "Osmanodja,F"]
[Result "1-0"]
[WhiteElo "2293"]
[BlackElo "2061"]
[EventDate "2010.08.03"]

1. e4 c5 2. Nf3 d6 3. d4 cxd4 4. Nxd4 Nf6 5. Nf3 Ng8 6. Nd4 Nf6 7. Nc3 a6
8. Bg5 e6 9. f4 Qb6 10. Qd3 Nc6 11. Bxf6 gxf6 12. Nb3 Bd7 13. Be2 h5 14.
Rf1 O-O-O 15. O-O-O Be7 16. Qh3 h4 17. f5 Ne5 18. Rf4 Rdg8 19. Bf1 Bd8 20.
Nd4 Rg5 21. Rxh4 Rxh4 22. Qxh4 Ng4 23. Rd2 Ne3 24. Qe1 Nxf1 25. Qxf1 Qc5
26. Qd3 Ba5 27. Nb3 Qe5 28. Nxa5 Qxa5 29. Qxd6 Qc7 30. Qf8+ Qd8 31. Qxf7
exf5 32. Na4 1-0

[Event "28th WJun Girls"]
[Site "Chotowa POL"]
[Date "2010.08.03"]
[Round "1"]
[White "Deur,Z"]
[Black "Muminova,N"]
[Result "0-1"]
[WhiteElo "2061"]
[BlackElo "2290"]
[EventDate "2010.08.03"]

1. e4 e6 2. d4 d5 3. Nc3 Nf6 4. e5 Nfd7 5. f4 c5 6. Nf3 Nc6 7. Be3 Be7 8.
Qd2 O-O 9. O-O-O c4 10. f5 b5 11. fxe6 fxe6 12. Ne2 b4 13. c3 Qa5 14. Kb1
Rb8 15. cxb4 Bxb4 16. Qc2 Ba3 17. Bc1 Nb4 18. Qc3 Bxb2 19. Bxb2 Qxa2+ 20.
Kc1 Nd3+ 21. Rxd3 cxd3 22. Ng3 Rb3 23. Qd2 Ba6 0-1

[Event "28th WJun Girls"]
[Site "Chotowa POL"]
[Date "2010.08.03"]
[Round "1"]
[White "Skrzypczak,A"]
[Black "Nemcova,Kat"]
[Result "0-1"]
[WhiteElo "2028"]
[BlackElo "2282"]
[EventDate "2010.08.03"]

1. e4 e5 2. Nf3 Nc6 3. Bb5 a6 4. Ba4 Nf6 5. O-O Be7 6. Re1 b5 7. Bb3 O-O 8.
a4 b4 9. d4 d6 10. dxe5 dxe5 11. Qxd8 Rxd8 12. Bg5 Rb8 13. Nbd2 h6 14. Bxf6
Bxf6 15. Bd5 Nd4 16. Nxd4 exd4 17. Nc4 b3 18. cxb3 Rxb3 19. Rad1 Be6 20.
Bxe6 fxe6 21. e5 Be7 22. Na5 Rb6 23. Nc4 Rc6 24. b3 Bb4 25. Re4 Bc3 26. Kf1
Rb8 27. Nd2 Rcb6 28. Re2 c5 29. Rc1 d3 30. Rxc3 dxe2+ 31. Kxe2 Rc8 32. Nc4
Rb4 33. Kd2 Rf8 34. f3 Rf5 35. Re3 g5 36. g3 Kg7 37. Kc3 Kg6 38. Nd6 Rf8
39. Ne4 Rc8 40. Nd6 Rcb8 41. Kc2 Rd4 42. Re1 Rd8 43. Kc3 h5 44. Rg1 Rf8 45.
Rf1 Rd5 46. Nc4 Rfd8 47. Kc2 Rd4 48. Nd6 Rf8 49. Rf2 h4 50. Kc3 h3 51. Kc2
Rd5 52. Nc4 Rf5 53. f4 Rd4 54. Nd6 gxf4 55. Nxf5 Kxf5 56. Rf3 Kg4 57. Rxf4+
Rxf4 58. gxf4 Kxf4 59. Kd3 Kxe5 60. Ke3 a5 0-1

[Event "28th WJun Girls"]
[Site "Chotowa POL"]
[Date "2010.08.03"]
[Round "1"]
[White "Padmini,R"]
[Black "Zmarzly,A"]
[Result "1-0"]
[WhiteElo "2275"]
[BlackElo "2026"]
[EventDate "2010.08.03"]

1. e4 c5 2. Nf3 d6 3. d4 cxd4 4. Nxd4 Nf6 5. Nc3 a6 6. Bg5 e6 7. f4 Be7 8.
Qf3 Qc7 9. O-O-O Nbd7 10. Bd3 h6 11. Bh4 g5 12. fxg5 Ne5 13. Qe2 Nfg4 14.
Nf3 hxg5 15. Bg3 Bd7 16. h3 Nxf3 17. hxg4 Rxh1 18. Rxh1 Nh4 19. e5 d5 20.
Rf1 Bb4 21. Qf2 Bc6 22. Ne2 O-O-O 23. a3 Ba5 24. Ng1 d4 25. Nf3 Nxf3 26.
gxf3 Qe7 27. f4 Bc7 28. Kb1 Bd5 29. fxg5 Rg8 30. g6 fxg6 31. Qxd4 g5 32.
Be4 Rd8 33. Bxd5 Rxd5 34. Qe4 Qd8 35. Rf6 Rd1+ 36. Ka2 Rd4 37. Qf3 Qd5+ 38.
Qxd5 exd5 39. Rf8+ Bd8 40. e6 Re4 41. Re8 1-0

[Event "28th WJun Girls"]
[Site "Chotowa POL"]
[Date "2010.08.03"]
[Round "1"]
[White "Chierici,M"]
[Black "Melekhina,A"]
[Result "0-1"]
[WhiteElo "2016"]
[BlackElo "2265"]
[EventDate "2010.08.03"]

1. e4 e5 2. Nf3 Nc6 3. Bb5 a6 4. Ba4 Nf6 5. O-O Nxe4 6. d4 b5 7. Bb3 d5 8.
dxe5 Be6 9. c3 Be7 10. Nbd2 Nc5 11. Bc2 Bg4 12. b4 Ne6 13. Re1 Qd7 14. Bb2
Rd8 15. Nb3 Ng5 16. Nbd2 O-O 17. Qb1 g6 18. Nxg5 Bxg5 19. Nb3 Rfe8 20. h3
Bxh3 21. gxh3 Qxh3 22. Qd1 Bf4 23. Qb1 Bg5 24. Qd1 Bf4 0-1

[Event "28th WJun Girls"]
[Site "Chotowa POL"]
[Date "2010.08.03"]
[Round "1"]
[White "Mammadova,G"]
[Black "Kaya,E"]
[Result "1-0"]
[WhiteElo "2260"]
[BlackElo "2015"]
[EventDate "2010.08.03"]

1. e4 c5 2. b3 d6 3. Bb2 Nc6 4. f4 Nf6 5. Nc3 e6 6. Nf3 Be7 7. a3 Bd7 8.
Bd3 O-O 9. O-O Rb8 10. e5 Nd5 11. Nxd5 exd5 12. Qe1 c4 13. exd6 Bf6 14.
Bxf6 Qxf6 15. bxc4 dxc4 16. Bxc4 Qxf4 17. d3 Qxd6 18. Kh1 Rbe8 19. Qf2 Be6
20. Bxe6 Rxe6 21. Ng5 Rf6 22. Qe3 Rxf1+ 23. Rxf1 Qxa3 24. Qe4 g6 25. Qh4 h5
26. g4 Qa4 27. Ne4 Qxc2 28. Ng5 Qa4 29. Ne4 Qc2 30. Nf6+ Kg7 31. Ne8+ Kg8
32. Qf6 Rxe8 33. Qxf7+ Kh8 34. Qxe8+ Kh7 35. Rf7+ 1-0

[Event "28th WJun Girls"]
[Site "Chotowa POL"]
[Date "2010.08.03"]
[Round "1"]
[White "Olsarova,T"]
[Black "Khanamiryan,A"]
[Result "1-0"]
[WhiteElo "2252"]
[BlackElo "2014"]
[EventDate "2010.08.03"]

1. e4 d5 2. exd5 Qxd5 3. Nc3 Qa5 4. d4 Nf6 5. Bd2 c6 6. Bc4 Bf5 7. Nf3 e6
8. d5 Qc5 9. dxc6 Nxc6 10. Qe2 Bg4 11. Nb5 Qb6 12. Bf4 Rc8 13. O-O-O a6 14.
Nd6+ Bxd6 15. Bxd6 Na5 16. Bd3 Nd5 17. Qe5 Nf6 18. Ba3 Nc4 19. Bxc4 1-0

[Event "28th WJun Girls"]
[Site "Chotowa POL"]
[Date "2010.08.03"]
[Round "1"]
[White "Kasperek,J"]
[Black "Bhakti,K"]
[Result "1/2-1/2"]
[WhiteElo "2001"]
[BlackElo "2249"]
[EventDate "2010.08.03"]

1. e4 c5 2. Nf3 g6 3. c3 Bg7 4. d4 cxd4 5. cxd4 d5 6. e5 Bg4 7. Nc3 Nc6 8.
Be3 Qd7 9. h3 Bxf3 10. Qxf3 Rd8 11. Bb5 f6 12. exf6 exf6 13. O-O Nge7 14.
Ba4 O-O 15. Rad1 a6 16. Rfe1 Kh8 17. Ne2 Nf5 18. Nf4 Rfe8 19. Bb3 Ncxd4 20.
Bxd4 Rxe1+ 21. Rxe1 Nxd4 22. Qxd5 Qxd5 23. Bxd5 Bh6 24. Rd1 Bxf4 25. Rxd4
Be5 26. Rd2 Bxb2 27. Rxb2 Rxd5 28. Rxb7 Rd1+ 29. Kh2 Rd2 30. Rb6 Rxf2 31.
Rxa6 Kg7 32. Ra7+ Kh6 33. Kg3 Rc2 34. a4 g5 35. a5 Kg6 36. a6 Ra2 37. Kf3
h5 38. g4 Ra3+ 39. Kg2 1/2-1/2

[Event "28th WJun Girls"]
[Site "Chotowa POL"]
[Date "2010.08.03"]
[Round "1"]
[White "Skinke,K"]
[Black "Tonel,G"]
[Result "1-0"]
[WhiteElo "2237"]
[BlackElo "2001"]
[EventDate "2010.08.03"]

1. e4 c5 2. Nf3 Nc6 3. d4 cxd4 4. Nxd4 e5 5. Nb5 d6 6. N1c3 a6 7. Na3 Be7
8. Nc4 Be6 9. Be3 b5 10. Nb6 Rb8 11. Nbd5 h6 12. Qd2 Nf6 13. Nxf6+ Bxf6 14.
Rd1 Be7 15. Nd5 Bxd5 16. Qxd5 Qc7 17. c3 O-O 18. Be2 Rbd8 19. O-O Bg5 20.
Bh5 g6 21. Bg4 Na5 22. Bxg5 hxg5 23. Qd2 Qe7 24. b3 Nb7 25. b4 Kg7 26. Qd3
Qc7 27. Qe3 f6 28. Be6 Rfe8 29. Bd5 Re7 30. Rc1 a5 31. a3 Rb8 32. c4 axb4
33. axb4 Nd8 1-0

[Event "28th WJun Girls"]
[Site "Chotowa POL"]
[Date "2010.08.03"]
[Round "1"]
[White "Unapkoshvili,N"]
[Black "Kulon,K"]
[Result "0-1"]
[WhiteElo "1997"]
[BlackElo "2230"]
[EventDate "2010.08.03"]

1. g3 d5 2. Bg2 e5 3. c4 Nf6 4. cxd5 Nxd5 5. Nc3 Nb6 6. Nf3 Nc6 7. O-O Be6
8. d3 Be7 9. a3 a5 10. Be3 O-O 11. Na4 f6 12. Bc5 Nxa4 13. Bxe7 Nxb2 14.
Bxd8 Nxd1 15. Bxc7 Nc3 16. Rfe1 Rfc8 17. Bb6 Ne7 18. e4 Nc6 19. Bf1 Bg4 20.
Kg2 Ra6 21. Be3 b5 22. h3 Bxf3+ 23. Kxf3 Nd4+ 24. Bxd4 exd4 25. Be2 Rb6 26.
Bd1 a4 27. Kg2 g6 28. Bg4 Ra8 29. e5 f5 30. Bf3 Ra7 31. e6 Re7 32. Re5 Kg7
33. Rae1 Kf6 34. Rc5 Rbxe6 35. Rc1 Re1 0-1

[Event "28th WJun Girls"]
[Site "Chotowa POL"]
[Date "2010.08.03"]
[Round "1"]
[White "Butuc,M"]
[Black "Dragojevic,Ma"]
[Result "0-1"]
[WhiteElo "2220"]
[BlackElo "1986"]
[EventDate "2010.08.03"]

1. e4 c5 2. Nf3 e6 3. b3 Nc6 4. Bb2 Nf6 5. Nc3 a6 6. a4 d5 7. exd5 exd5 8.
d4 Qa5 9. Qe2+ Be7 10. O-O-O O-O 11. h3 Be6 12. g4 Rfe8 13. Qd2 c4 14. Na2
Qc7 15. Nc3 Qa5 16. Na2 Qc7 17. bxc4 dxc4 18. Bg2 Bd5 19. Nc3 Bb4 20. Qg5
Bxc3 21. Bxc3 h6 22. Qf5 Be4 23. Qc5 Bxf3 24. Bxf3 Qf4+ 0-1

[Event "28th WJun Girls"]
[Site "Chotowa POL"]
[Date "2010.08.03"]
[Round "1"]
[White "Rysbayeva,A"]
[Black "Tomaszewska,L"]
[Result "1/2-1/2"]
[WhiteElo "2209"]
[BlackElo "1968"]
[EventDate "2010.08.03"]

1. e4 c5 2. Nf3 d6 3. d4 cxd4 4. Nxd4 Nf6 5. Nc3 Nc6 6. Be2 e6 7. O-O Be7
8. Be3 O-O 9. f4 e5 10. fxe5 dxe5 11. Nf5 Bxf5 12. Rxf5 Qxd1+ 13. Rxd1 Rfd8
14. Nd5 Nxd5 15. exd5 Nd4 16. Bxd4 exd4 17. Bc4 Rac8 18. Bb3 g6 19. Rf3 Kg7
20. Rdf1 f6 21. g3 h5 22. Kg2 f5 23. Re1 Bf6 24. Re6 Re8 25. Rxe8 Rxe8 26.
Bc4 Rc8 27. Bb3 Re8 28. Bc4 Rc8 29. Bb3 Re8 1/2-1/2

[Event "28th WJun Girls"]
[Site "Chotowa POL"]
[Date "2010.08.03"]
[Round "1"]
[White "Guo,E"]
[Black "Toth,Sar"]
[Result "0-1"]
[WhiteElo "1965"]
[BlackElo "2207"]
[EventDate "2010.08.03"]

1. e4 e5 2. Nf3 Nc6 3. d4 exd4 4. Bc4 Bc5 5. c3 Nf6 6. cxd4 Bb4+ 7. Nc3
Nxe4 8. O-O Bxc3 9. d5 Bf6 10. Re1 Ne7 11. Rxe4 d6 12. Bg5 Bxg5 13. Nxg5 h6
14. Qe2 hxg5 15. Re1 Be6 16. dxe6 f6 17. Re3 c6 18. Rh3 Rxh3 19. gxh3 g6
20. Qf3 Qa5 21. Re2 Qf5 22. Qc3 O-O-O 23. b4 d5 24. Bb3 d4 25. Qc5 Qxc5 26.
bxc5 b6 27. cxb6 axb6 28. a4 Kc7 29. Kg2 Kd6 30. Kf3 Nd5 31. Bxd5 Kxd5 32.
Rb2 Kxe6 33. Rxb6 Kd5 34. Ke2 Ra8 35. Rb4 Kc5 36. Rb7 Rxa4 37. Rg7 Ra2+ 0-1

[Event "28th WJun Girls"]
[Site "Chotowa POL"]
[Date "2010.08.03"]
[Round "1"]
[White "Semenova,E"]
[Black "Anu,B"]
[Result "0-1"]
[WhiteElo "2194"]
[BlackElo "1935"]
[EventDate "2010.08.03"]

1. e4 c5 2. Nf3 a6 3. c3 d6 4. d4 Nf6 5. Bd3 cxd4 6. cxd4 g6 7. O-O Bg7 8.
Nc3 O-O 9. h3 Nc6 10. Qe2 e5 11. dxe5 dxe5 12. Bc4 Nd4 13. Nxd4 exd4 14.
Nd5 Nxd5 15. Bxd5 Bd7 16. Re1 Qb6 17. Bf4 Rac8 18. Rac1 Be6 19. Qd2 Rfd8
20. Rxc8 Rxc8 21. Rc1 Rxc1+ 22. Qxc1 d3 23. Qc4 Bxd5 24. exd5 Bd4 25. Qxd3
Bxf2+ 26. Kh2 Qd4 27. Qf3 Bg1+ 28. Kh1 Qf2 29. Bg3 0-1

[Event "28th WJun Girls"]
[Site "Chotowa POL"]
[Date "2010.08.03"]
[Round "1"]
[White "Correa,Jaqueline Pamplona"]
[Black "Abdulla,K"]
[Result "1/2-1/2"]
[WhiteElo "1928"]
[BlackElo "2193"]
[EventDate "2010.08.03"]

1. e4 c5 2. Nf3 e6 3. d4 cxd4 4. Nxd4 a6 5. Bd3 Nf6 6. O-O Qc7 7. Kh1 d6 8.
f4 Be7 9. Nc3 O-O 10. Bd2 Nc6 11. Nxc6 bxc6 12. Qe2 Nd7 13. Rae1 e5 14. Na4
exf4 15. Bxf4 Ne5 16. c4 Qa5 17. b3 Be6 18. Bd2 Qc7 19. Bf4 Qa5 20. Qc2
Rfd8 21. Bd2 Qc7 22. Bf4 Bh4 23. Rd1 Qa5 24. Rde1 Be7 25. Bd2 Qc7 26. Bf4
Bh4 27. Rd1 Ng6 28. Be3 Bg4 29. Be2 Bxe2 30. Qxe2 Qe7 31. Qc2 Re8 32. Nc3
Ne5 33. Bf4 Rad8 34. Qd2 Bf6 35. h3 h6 36. Qc2 Qb7 37. Ne2 Kh7 38. Rd2 Rd7
39. Rfd1 Red8 40. Bh2 Kg8 41. Nd4 Bg5 42. Rf2 Qb4 43. Rdf1 Qc5 44. Qc3 Bf6
45. Rf5 Qb6 46. Bg1 c5 47. Nf3 Ng6 48. Qd2 Qc6 49. Qc2 Re8 50. Re1 Rde7 51.
Nd2 Nh4 52. Rd5 Be5 53. Nf3 Nxf3 54. gxf3 Qc8 55. Qg2 Re6 56. Qg4 Qb8 57.
f4 Bc3 58. Rc1 Bb4 59. Rcd1 Rxe4 60. Rxd6 R4e6 61. Rd7 Rf6 62. f5 Qa8+ 63.
Kh2 Kh7 64. Bf2 Qb8+ 65. Bg3 Qa8 66. R1d5 Be1 67. Be5 Rxe5 68. Rxe5 Qb8 69.
Rdd5 Bc3 70. Rd7 Be1 71. Rdd5 Bc3 72. Qe4 Rc6 73. Kg2 Bxe5 74. Rxe5 Qd6 75.
Rd5 Qf6 76. Kf3 h5 77. Qe3 Qh4 78. Kg2 Qf6 79. Rxc5 Rd6 80. Rd5 Rxd5 81.
cxd5 Qxf5 82. Qf3 Qg5+ 83. Kf2 Qd2+ 84. Kg3 Qg5+ 1/2-1/2

[Event "28th WJun Girls"]
[Site "Chotowa POL"]
[Date "2010.08.03"]
[Round "1"]
[White "Warakomska,A"]
[Black "Krumova,A"]
[Result "1-0"]
[WhiteElo "2192"]
[BlackElo "1916"]
[EventDate "2010.08.03"]

1. e4 Nc6 2. Nf3 f5 3. exf5 d5 4. Bb5 Qd6 5. d4 Bxf5 6. Ne5 a6 7. Bxc6+
bxc6 8. O-O c5 9. Bf4 Qb6 10. dxc5 Qxc5 11. c4 Nf6 12. Qa4+ c6 13. b4 Qb6
14. Nc3 e6 15. c5 Qb7 16. Nxc6 Qd7 17. Nd4 Qxa4 18. Nxa4 Nd7 19. c6 Bxb4
20. cxd7+ Kxd7 21. Nb6+ 1-0